Premier League: Top 5 Finishes Minefield Quiz Stats

 Plays Quiz Updated Jul 28, 2020

Support Sporcle.
Go Orange.
Score 0/18 Timer 05:00
0 Plays Today
Times achieved Club % Correct
26???
92.3%
24???
90.7%
2o???
90%
12???
90%
20???
89.4%
11???
85.7%
4???
80%
3???
73.3%
7???
67.1%
Times achieved Club % Correct
3???
60.9%
7???
58.3%
3???
53.9%
1???
35.1%
1???
27.2%
1???
25.5%
1???
21.7%
Mine???
15.6%
1???
10.3%

You're not logged in!

Compare scores with friends on all Sporcle quizzes.
OR
Log In

From the Vault

Finish the TV Show Titles (1990s)

by LTH

Every TV show title has to end somewhere.
Remove Ads.
Support Sporcle.
Get the best of Sporcle when you Go Orange. This ad-free experience offers more features, more stats, and more fun while also helping to support Sporcle. Thank you for becoming a member.

Show Comments

Extras

Top Quizzes Today


Score Distribution

Your Account Isn't Verified!

In order to create a playlist on Sporcle, you need to verify the email address you used during registration. Go to your Sporcle Settings to finish the process.

Report this User

Report this user for behavior that violates our Community Guidelines.

Details: